000 00629nam a2200217Ia 4500
003 OSt
005 20260627094230.0
008 210210b1991 xxu||||| |||| 00| 0 eng d
040 _cAL
041 _akan
082 _a306.88K SHEK
100 _aShete B S
_9166904
110 _aಶೇಟೇ ಬಿ ಎಸ್
_9266026
245 _aKarnatakadalli satipaddati
_b: ಕರ್ನಾಟಕದಲ್ಲಿ ಸತಿ ಪದ್ಧತಿ
260 _aBelagavi
_bVeerashaiva adhyayana academy
_c1991
300 _axvi,235p
650 _aSati
_9166905
690 _aMarriage and Family
_9166906
906 _a047723
942 _2ddc
_cBK
999 _c96846
_d96846